| 000 | 00428nam a2200157Ia 4500 | ||
|---|---|---|---|
| 008 | 150610s9999 xx 000 0 und d | ||
| 020 | _a006441003X | ||
| 050 |
_aPZ7 _b.Y44Se1979 |
||
| 100 | _aYep, Laurence | ||
| 245 |
_aSea glass / _cLaurence Yep. |
||
| 260 |
_aNew York : _bHarper Collins, _c1979. |
||
| 300 |
_a248pages ; _c20 cm. |
||
| 520 | _aFiction. | ||
| 650 |
_aFathers and sons _xFiction. |
||
| 650 | _aSports stories | ||
| 999 |
_c287812 _d287812 |
||